• 首页
  • 本馆介绍
  • 公告通知
  • 最新文献
  • 馆藏检索
  • 电子资源
  • 读者导购
  • 参考咨询
  • 我的图书馆
  • 登录
  • 详细信息显示
  • 放入我的书架
  • 预约/预借图书
  • 作者相关作品
  • 分类相关作品
  • 丛书相关作品
  • 出版社相关作品

书目信息

  • 表格格式
  • 工作单格式
  • 卡片格式
题名:
豺狼陷阱
    
 
作者: 胡元斌 , 严锴 主编
分册:  
出版信息: 北京   台海出版社  2014
页数: 201页
开本: 23cm
丛书名:
单 册:
中图分类: K815.2=52
科图分类:
主题词: 第二次世界大战--军事人物--生平事迹
电子资源:
ISBN: 978-7-5168-0253-3
000 00992nam0 2200265 450
001 338992
005 20150604152444.53
010    @a978-7-5168-0253-3@dCNY29.80
100    @a20140919d2014 em y0chiy50 ea
101 0  @achi
102    @aCN@b110000
105    @aa z 000yd
106    @ar
200 1  @a豺狼陷阱@Achai lang xian jing@e第二次世界大战主要悍将@f胡元斌, 严锴主编
210    @a北京@c台海出版社@d2014
215    @a201页@c图, 照片@d23cm
300    @a第二次世界大战纵横录
330    @a本书介绍了第二次世界大战中主要悍将隆美尔、希姆莱、山本五十六、土肥原贤的生平事迹。具体内容包括: 出版《步兵攻击》引起元首关注、晋升非洲军长进军北非沙漠、结识冲锋队员加入纳粹组织等。
517 1  @a第二次世界大战主要悍将@Adi er ci shi jie da zhan zhu yao han jiang
606 0  @a第二次世界大战@x军事人物@x生平事迹
690    @aK815.2=52@v5
701  0 @a胡元斌@Ahu yuan bin@4主编
701  0 @a严锴@Ayan kai@c(图书编辑)@4主编
801  0 @aCN@b卓展宏图@c20150525
905    @dK815.2=52@e132@f5
    
    豺狼陷阱:第二次世界大战主要悍将/胡元斌, 严锴主编.-北京:台海出版社,2014
    201页:图, 照片;23cm
    第二次世界大战纵横录
    
    ISBN 978-7-5168-0253-3:CNY29.80
    本书介绍了第二次世界大战中主要悍将隆美尔、希姆莱、山本五十六、土肥原贤的生平事迹。具体内容包括: 出版《步兵攻击》引起元首关注、晋升非洲军长进军北非沙漠、结识冲锋队员加入纳粹组织等。
●
相关链接 在E读中查询图书 在五车中查询图书 在当当中查询图书 在豆瓣中查询图书


正题名:豺狼陷阱     索取号:K815.2=52/132         预约/预借

序号 登录号 条形码 馆藏地/架位号 状态 备注
1 858831   208588312   第二样本阅览室/ [索取号:K815.2=52/132] 在馆    
2 858832   208588321   第二借阅区/ [索取号:K815.2=52/132] 在馆    
3 858833   208588330   第二借阅区/ [索取号:K815.2=52/132] 在馆    
4 858834   208588349   第二借阅区/ [索取号:K815.2=52/132] 在馆    
5 858835   208588358   第二借阅区/ [索取号:K815.2=52/132] 在馆    
唐山师范学院图书馆 欢迎您!
大连网信软件有限公司© 版权所有